Intelligence through simulated evolution : Forty years of evolutionary programming (Record no. 15783)

MARC details
000 -LEADER
campo de control de longitud fija 00452nam a2200145Ia 4500
008 - DATOS DE LONGITUD FIJA--INFORMACIÓN GENERAL
campo de control de longitud fija 231129s1999||||xx |||||||||||||| ||spa||
020 ## - NÚMERO INTERNACIONAL ESTÁNDAR DEL LIBRO
Número Internacional Estándar del Libro 0-471-33250-X
040 ## - FUENTE DE CATALOGACIÓN
Lengua de catalogación eng
082 ## - NÚMERO DE LA CLASIFICACIÓN DECIMAL DEWEY
Número de clasificación 005.1 F655i
100 ## - ENTRADA PRINCIPAL--NOMBRE DE PERSONA
Nombre de persona Fogel Lawrence J.
245 #0 - MENCIÓN DEL TÍTULO
Título Intelligence through simulated evolution : Forty years of evolutionary programming
260 ## - PUBLICACIÓN, DISTRIBUCIÓN, ETC.
Fecha de publicación, distribución, etc. 1999
264 ## - PRODUCCIÓN, PUBLICACIÓN, DISTRIBUCIÓN, FABRICACIÓN Y COPYRIGHT
Producción, publicación, distribución, fabricación y copyright A Wiley-Interscience publication
942 ## - ELEMENTOS DE ENTRADA SECUNDARIOS (KOHA)
Fuente del sistema de clasificación o colocación Clasificación Decimal Dewey
Tipo de ítem Koha
Holdings
Estatus retirado Estado de pérdida Fuente del sistema de clasificación o colocación Estado de daño No para préstamo Biblioteca de origen Biblioteca actual Fecha de adquisición Total de préstamos Signatura topográfica completa Código de barras Visto por última vez Copia número Precio de reemplazo Tipo de ítem Koha
    Clasificación Decimal Dewey     BIBLIOTECA PÚBLICA MUNICIPAL RAMON CORREA MEJIA BIBLIOTECA PÚBLICA MUNICIPAL RAMON CORREA MEJIA 23/11/2009   005.1 F655i 4217 29/11/2023 1 29/11/2023 Libros

Powered by Koha